| 000 | 01054nam a22002537a 4500 | ||
|---|---|---|---|
| 003 | BPGM | ||
| 008 | 260618b2008 mx ||||| |||| 001 0 spa d | ||
| 020 | _a978-607-7619-04-8 | ||
| 040 |
_aBPGM _bspa |
||
| 041 |
_aspa _hspa |
||
| 082 | 0 | 4 |
_22008 _aCQ 868M / _bF474 |
| 100 | _aFÈRNANDEZ ZURDO, OSVALDO | ||
| 245 | _aHÈROE | ||
| 260 |
_aQUERÈTARO ; _bINSTITUTO QUERETANO DE LA CULTURA Y LAS ARTES , _c2008 . |
||
| 300 |
_a64 pàginas _c22.2 cm x 10.3 cm |
||
| 336 |
_2rdacontent _atexto _btxt |
||
| 337 |
_2rdamedia _asin mediación _bn |
||
| 338 |
_2rdacarrier _avolumen _bnc |
||
| 505 | _aES UNA OBRA QUE EXPLORA LA COMPLEJIDAD DE LA CONDICIÓN HUMANA, EL SACRIFICIO Y LA BÚSQUEDA DE REDENCIÓN. A TRAVÉS DE UNA NARRATIVA INTENSA Y EMOCIONAL, EL AUTOR NOS SUMERGE EN LA VIDA DE UN PROTAGONISTA QUE ENFRENTA DESAFÍOS EXTRAORDINARIOS, TRASCIENDIENDO LAS CIRCUNSTANCIAS ADVERSAS DE SU ENTORNO. | ||
| 650 | _aLITERATURA Y RETÓRICA | ||
| 650 | _aLITERATURAS ESPAÑOLA Y PORTUGUESA | ||
| 650 | _aESCRITOS VARIOS ESPAÑOLES | ||
| 942 |
_2ddc _cCOLQ |
||
| 999 |
_c68645 _d68645 |
||